000 00523nam a22001815i 4500
001 171803
003 ES-MaACL
005 20231228210331.0
008 090601s1971 sp |||| | spa d
080 _a821.134.2-31"19"
100 1 _aSolís, Ramón,
_d1923-1978
_9107215
245 1 3 _aEl dueño del miedo
_b: novela /
_cRamón Solís.
250 _a[1ª ed.].
260 _aBarcelona :
_bPlaneta,
_c[1971]
300 _a327 p. ;
_c19 cm.
852 _aES-MaACL
_jC-39301
_9R.77591
999 _c171803
_d171803